Semantic Scene Modeling Using Optical Flow (Record no. 217587)

000 -LEADER
fixed length control field 00373 a2200157 4500
003 - CONTROL NUMBER IDENTIFIER
control field Nust
005 - DATE AND TIME OF LATEST TRANSACTION
control field 20170207171606.0
040 ## - CATALOGING SOURCE
Transcribing agency Nust
082 ## - DEWEY DECIMAL CLASSIFICATION NUMBER
Classification number 005.1
100 ## - MAIN ENTRY--PERSONAL NAME
Personal name Ijaz, Tania (MSCS-19)
245 ## - TITLE STATEMENT
Title Semantic Scene Modeling Using Optical Flow
Statement of responsibility, etc. Tania Ijaz
260 ## - PUBLICATION, DISTRIBUTION, ETC.
Place of publication, distribution, etc. Rawalpindi
Name of publisher, distributor, etc. MCS,NUST
Date of publication, distribution, etc. October,2015
300 ## - PHYSICAL DESCRIPTION
Extent 60 p
650 ## - SUBJECT ADDED ENTRY--TOPICAL TERM
Topical term or geographic name entry element PG Thesis MSCS
651 ## - SUBJECT ADDED ENTRY--GEOGRAPHIC NAME
Geographic name MSCS-19
942 ## - ADDED ENTRY ELEMENTS (KOHA)
Koha item type
Holdings
Withdrawn status Lost status Source of classification or shelving scheme Damaged status Not for loan Permanent Location Current Location Shelving location Date acquired Total Checkouts Full call number Barcode Date last seen Price effective from Koha item type
          Central Library (CL) Central Library (CL) Thesis 11/19/2020   005 CL-T-1257 11/19/2020 11/19/2020  
          Central Library (CL) Central Library (CL) Thesis 11/19/2020   005 CL-T-1386 11/19/2020 11/19/2020  
© 2023 Central Library, National University of Sciences and Technology. All Rights Reserved.